Every leader of the Great Powers Concert of Europe - Statistics

General Stats
  • This quiz has been taken 8 times
  • The average score is 22 of 39
Answer Stats
Country Years Monarch % Correct
United Kingdom of Great Britain and Ireland 1901-1910 Edward VII
100%
Austrian Empire 1815-1835 Franz I
100%
Kingdom of France 1848-1852 Louis Napoléon Bonaparte
100%
Kingdom of France 1815-1824 Louis XVIII
100%
Kingdom of France 1848-1870 Napoléon III
100%
Kingdom of Prussia 1861-1871 Wilhelm I
100%
Kingdom of Prussia 1871-1888 Wilhelm I
100%
Kingdom of Prussia 1888-1914 Wilhelm II
100%
United Kingdom of Great Britain and Ireland 1815-1820 George III
88%
United Kingdom of Great Britain and Ireland 1820-1830 George IV
88%
United Kingdom of Great Britain and Ireland 1910-1914 George V
88%
Russian Empire 1825-1855 Nikolai I
88%
Russian Empire 1894-1914 Nikolai II
88%
United Kingdom of Great Britain and Ireland 1837-1901 Victoria
88%
Russian Empire 1815-1825 Aleksandr I
75%
Russian Empire 1855-1881 Aleksandr II
75%
Russian Empire 1881-1894 Aleksandr III
75%
Kingdom of Prussia 1888 Friedrich III
75%
United Kingdom of Great Britain and Ireland 1830-1837 William IV
75%
Kingdom of France 1824-1830 Charles X
63%
Austrian Empire 1848-1867 Franz Joseph I
63%
Austrian Empire 1867-1914 Franz Joseph I
63%
Kingdom of France 1830-1848 Louis Philippe I
50%
Austrian Empire 1835-1848 Ferdinand I
38%
Kingdom of Prussia 1815-1840 Friedrich Wilhelm III
25%
Kingdom of Prussia 1840-1861 Friedrich Wilhelm IV
25%
Kingdom of France 1871-1873 Adolphe Thiers
13%
Kingdom of France 1906-1913 Armand Fallières
13%
Kingdom of France 1899-1906 Émile Loubet
13%
Kingdom of France 1895-1899 Félix Faure
13%
Kingdom of France 1848 François Arago
13%
Kingdom of France 1848 Jacques-Charles Dupont de l'Eure
13%
Kingdom of France 1894-1895 Jean Casimir-Perier
13%
Kingdom of France 1879-1887 Jules Grévy
13%
Kingdom of France 1848 Louis-Eugène Cavaignac
13%
Kingdom of France 1870-1871 Louis-Jules Trochu
13%
Kingdom of France 1873-1879 Patrice de MacMahon
13%
Kingdom of France 1903-1914 Raymond Poincaré
13%
Kingdom of France 1887-1894 Sadi Carnot
13%
No matching quizzes found
Score Distribution
Percent of People with Each Score
Percentile by Number Answered
Your Score History
You have not taken this quiz